000
00376nam a2200133Ia 4500
003
GCL
008
140319s9999 xx 000 0 ara d
040
_a
GCL /
_c
GCL
082
0
4
_a
813.01
_b
م خ
100
1
_a
ماجد ابوشرار
245
1
0
_a
الخبز المر /
_c
ماجد ابوشرار
300
_a
92 ص
490
_a
الهيئة العامة للاستعلامات
_v
0
999
_c
47587
_d
47587